000
00324nam a2200121Ia 4500
008
190415s9999 xx 000 0 und d
082
_a
RI.0007
100
_a
Maheshwari, B.L.
245
0
_a
Promotion of entrepreneurs through seed capital assistance : A study of Andhra P
260
_c
1986
300
_a
155p.
942
_c
BK
999
_c
18682
_d
18682